000
00318pab a2200145 454500
008
180718b1997 xxu||||| |||| 00| 0 eng d
100
_a
Ilaiah, Kancha
245
_a
Elections and social justice
260
_c
1997
300
_a
p.10
362
_a
23 Dec
650
_a
Elections
773
_a
Hindu
909
_a
36413
999
_c
36413
_d
36413